[Event "Ho Chi Minh City HD Bank op-B 6th"]
[Site "Ho Chi Minh City"]
[Date "2016.03.13"]
[Round "9"]
[White "Huynh, Hai Him"]
[Black "Do, Hoang Minh"]
[Result "1-0"]
[WhiteElo "1783"]
[BlackElo "1957"]
[PlyCount "76"]
[EventDate "2016.03.08"]
[EventType "swiss"]
[EventRounds "9"]
[EventCountry "VIE"]
[SourceTitle "CBM 171 Extra"]
[Source "ChessBase"]
[SourceDate "2016.04.26"]
[SourceVersion "1"]
[SourceVersionDate "2016.04.26"]
[SourceQuality "1"]

1. e4 e6 2. d4 d5 3. Nd2 c5 4. Ngf3 Nc6 5. exd5 exd5 6. Be2 Nf6 7. 0-0 Bd6 8. dxc5 Bxc5 9. Nb3 Be7 10. c3 0-0 11. h3 Ne4 12. Qc2 Bf5 13. Nbd4 Bg6 14. Bd3 Rc8 15. Nxc6 bxc6 16. Ne5 f5 17. Nxg6 hxg6 18. Bxe4 fxe4 19. Be3 c5 20. Rad1 Rc7 21. c4 d4 22. Qxe4 Kh7 23. Bf4 Bd6 24. Bxd6 Qxd6 25. Rfe1 Qa6 26. Qc2 Rcf7 27. f3 Rf5 28. b3 Rg5 29. Qf2 Kg8 30. Rd3 Qf6 31. Qe2 Qf4 32. Qd2 Qg3 33. Re4 Re5 34. f4 Rxe4 35. Rxg3 Rfxf4 36. Rxg6 Rf5 37. Rd6 Ree5 38. b4 cxb4 1-0

[Event "Ho Chi Minh City HD Bank op-B 6th"]
[Site "Ho Chi Minh City"]
[Date "2016.03.09"]
[Round "3"]
[White "Tran, Dang Minh Quang"]
[Black "Do, Hoang Minh"]
[Result "0-1"]
[WhiteElo "1522"]
[BlackElo "1957"]
[PlyCount "82"]
[EventDate "2016.03.08"]
[EventType "swiss"]
[EventRounds "9"]
[EventCountry "VIE"]
[SourceTitle "CBM 171 Extra"]
[Source "ChessBase"]
[SourceDate "2016.04.26"]
[SourceVersion "1"]
[SourceVersionDate "2016.04.26"]
[SourceQuality "1"]

1. e4 e6 2. d4 d5 3. e5 c5 4. c3 Qb6 5. Nf3 Nc6 6. a3 Nge7 7. b4 cxd4 8. cxd4 Nf5 9. Bb2 Bd7 10. Be2 Rc8 11. 0-0 Na5 12. Nbd2 Nc4 13. Nxc4 dxc4 14. Rc1 Qa6 15. d5 exd5 16. Qxd5 Be6 17. Qe4 Be7 18. g4 Nh6 19. Nd4 b5 20. f4 Bxg4 21. Bxg4 Nxg4 22. f5 h5 23. h3 Qh6 24. Rc3 Qd2 25. hxg4 Qxb2 26. Nxb5 hxg4 27. Nd6+ Bxd6 28. exd6+ Kf8 29. Rc2 Qf6 30. Qxg4 Rh4 31. Qf3 Qd4+ 32. Rff2 Qxd6 33. Rfd2 Rd4 34. Rxd4 Qxd4+ 35. Kg2 Re8 36. Rc3 Re4 37. Kh3 Kg8 38. a4 Rf4 39. Qe3 Rh4+ 40. Kg3 Qg4+ 41. Kf2 Qxf5+ 0-1

[Event "VIE-ch (Women)"]
[Site "Hanoi"]
[Date "2016.??.??"]
[Round "3"]
[White "Do, Hoang Minh"]
[Black "Le, Thanh Tu"]
[Result "1-0"]
[WhiteElo "1918"]
[BlackElo "2271"]
[PlyCount "93"]
[EventDate "2016.11.10"]
[EventType "swiss"]
[EventRounds "9"]
[EventCountry "VIE"]
[SourceTitle "EXT 2018"]
[Source "ChessBase"]
[SourceDate "2017.10.13"]
[SourceVersion "1"]
[SourceVersionDate "2017.10.13"]
[SourceQuality "1"]

1. d4 c5 2. e3 Nf6 3. Nf3 g6 4. Bd3 Bg7 5. 0-0 0-0 6. c3 b6 7. e4 Bb7 8. Nbd2 cxd4 9. cxd4 d6 10. b3 Nc6 11. a3 Nh5 12. Bb2 Nf4 13. Bc2 d5 14. e5 Ba6 15. Re1 Rc8 16. Nf1 Qd7 17. Ne3 f6 18. g3 Nh3+ 19. Kg2 fxe5 20. dxe5 d4 21. e6 Qxe6 22. Nf5 Qd7 23. Nxg7 Kxg7 24. Bxd4+ Kg8 25. Be3 Qg4 26. Qd5+ Kh8 27. Bh6 Bb7 28. Rxe7 Qxf3+ 29. Qxf3 Rxf3 30. Rxb7 Rxf2+ 31. Kxh3 Rxc2 32. Rf1 Rc5 33. Bg7+ Kg8 34. Bf6 Rh5+ 35. Kg2 Kf8 36. Rg7 Ke8 37. Re1+ Kf8 38. Rf1 Ke8 39. g4 Rc5 40. Re1+ Kf8 41. Rxh7 Rc2+ 42. Kg3 Rb8 43. Kf4 Rc5 44. b4 Rd5 45. Re6 Rc8 46. Rh8+ Kf7 47. Rxc8 1-0

[Event "VIE-ch (Women)"]
[Site "Hanoi"]
[Date "2016.??.??"]
[Round "4"]
[White "Hoang, Thi Bao Tram"]
[Black "Do, Hoang Minh"]
[Result "1-0"]
[WhiteElo "2324"]
[BlackElo "1918"]
[PlyCount "137"]
[EventDate "2016.11.10"]
[EventType "swiss"]
[EventRounds "9"]
[EventCountry "VIE"]
[SourceTitle "EXT 2018"]
[Source "ChessBase"]
[SourceDate "2017.10.13"]
[SourceVersion "1"]
[SourceVersionDate "2017.10.13"]
[SourceQuality "1"]

1. d4 d5 2. c4 e6 3. Nc3 c6 4. e3 Nf6 5. Nf3 Nbd7 6. Qc2 Bd6 7. b3 0-0 8. Bb2 e5 9. cxd5 cxd5 10. dxe5 Nxe5 11. Be2 Nxf3+ 12. Bxf3 d4 13. exd4 Bg4 14. Bxg4 Nxg4 15. 0-0-0 Qa5 16. Kb1 Rac8 17. h3 Nf6 18. Qd3 Bb4 19. Rc1 Rfd8 20. Rhd1 h6 21. Qf3 Bxc3 22. Bxc3 Qb5 23. Bb2 Nd5 24. g3 a5 25. a3 a4 26. b4 b6 27. Ka1 Qd7 28. h4 Re8 29. Qd3 Red8 30. Re1 Re8 31. Rxc8 Rxc8 32. Re5 b5 33. Qf5 Qxf5 34. Rxf5 Rd8 35. Re5 Kf8 36. Kb1 Rd6 37. Kc2 f6 38. Re1 Nb6 39. Kd3 Nc4 40. Bc1 Kf7 41. g4 Ne5+ 42. Ke4 Nxg4 43. d5 f5+ 44. Kd4 Nf6 45. Re5 Nd7 46. Rxf5+ Kg6 47. Rf4 Nf6 48. Kc5 Rxd5+ 49. Kc6 Rd3 50. Kxb5 Nd5 51. Rg4+ Kf5 52. Rxg7 Rc3 53. Rg1 Rc8 54. Bxh6 Nc3+ 55. Kb6 Nd5+ 56. Kb7 Rc7+ 57. Kb8 Rc4 58. Bg5 Rc2 59. Be3 Rc3 60. Bc1 Ke6 61. h5 Kd7 62. h6 Rc8+ 63. Kb7 Rc7+ 64. Ka6 Rc8 65. Bb2 Rb8 66. Rg7+ Ke6 67. Rg6+ Kd7 68. Be5 Ra8+ 69. Kb7 1-0

[Event "VIE-ch (Women)"]
[Site "Hanoi"]
[Date "2016.??.??"]
[Round "7"]
[White "Tran, Thi Mong Thu"]
[Black "Do, Hoang Minh"]
[Result "0-1"]
[WhiteElo "1921"]
[BlackElo "1918"]
[PlyCount "80"]
[EventDate "2016.11.10"]
[EventType "swiss"]
[EventRounds "9"]
[EventCountry "VIE"]
[SourceTitle "EXT 2018"]
[Source "ChessBase"]
[SourceDate "2017.10.13"]
[SourceVersion "1"]
[SourceVersionDate "2017.10.13"]
[SourceQuality "1"]

1. e4 e6 2. d4 d5 3. Nc3 Nf6 4. e5 Nfd7 5. Nce2 c5 6. c3 Nc6 7. Nf3 cxd4 8. cxd4 Bb4+ 9. Bd2 0-0 10. Bxb4 Nxb4 11. Qd2 Nc6 12. Ng3 f6 13. exf6 Rxf6 14. Bd3 e5 15. dxe5 Rxf3 16. gxf3 Ndxe5 17. 0-0-0 Nxd3+ 18. Qxd3 Be6 19. Kb1 Bf7 20. Ka1 d4 21. Qa3 Qd5 22. b3 Qxf3 23. Qb2 Rd8 24. Rhe1 Bg6 25. Rd2 Nb4 26. a3 Nc6 27. b4 Ne5 28. Rc1 b5 29. Ne2 Nc4 30. Qa2 d3 31. Rxc4 bxc4 32. Qxc4+ Bf7 33. Qc7 Qf6+ 34. Kb1 Re8 35. Nc1 Qa6 36. Kb2 Rc8 37. Qe5 Qc4 38. Qe1 Qc3+ 39. Kb1 Qxa3 40. Rb2 d2 0-1

[Event "VIE-ch (Women)"]
[Site "Ho Chi Minh City"]
[Date "2015.04.19"]
[Round "2"]
[White "Do, Hoang Minh"]
[Black "Tran, Thi Mong Thu"]
[Result "1-0"]
[WhiteElo "1932"]
[BlackElo "1934"]
[PlyCount "63"]
[EventDate "2015.04.18"]
[EventType "swiss"]
[EventRounds "9"]
[EventCountry "VIE"]
[SourceTitle "CBM 166 Extra"]
[Source "ChessBase"]
[SourceDate "2015.06.18"]
[SourceVersion "1"]
[SourceVersionDate "2015.06.18"]
[SourceQuality "1"]

1. d4 d5 2. c4 c6 3. e3 Nf6 4. Nc3 e6 5. Nf3 Nbd7 6. cxd5 exd5 7. Bd3 Bd6 8. 0-0 0-0 9. Qc2 Re8 10. h3 Nf8 11. e4 dxe4 12. Nxe4 Nxe4 13. Bxe4 g6 14. Bg5 Qb6 15. Rad1 Bd7 16. Rfe1 Rac8 17. a3 Bb8 18. Qd2 Be6 19. b4 Qa6 20. Qb2 Bd5 21. Ne5 Ne6 22. Bf6 Bxe5 23. dxe5 Qc4 24. f3 Rc7 25. Qf2 Ra8 26. Qd2 Rd7 27. Qh6 Rc7 28. Rd2 a5 29. Red1 Rd7 30. Rd4 Qc3 31. Bxd5 Rxd5 32. Qxh7+ 1-0

[Event "VIE-ch (Women)"]
[Site "Ho Chi Minh City"]
[Date "2015.04.19"]
[Round "3"]
[White "Vo, Thi Kim Phung"]
[Black "Do, Hoang Minh"]
[Result "0-1"]
[WhiteElo "2197"]
[BlackElo "1932"]
[PlyCount "154"]
[EventDate "2015.04.18"]
[EventType "swiss"]
[EventRounds "9"]
[EventCountry "VIE"]
[SourceTitle "CBM 166 Extra"]
[Source "ChessBase"]
[SourceDate "2015.06.18"]
[SourceVersion "1"]
[SourceVersionDate "2015.06.18"]
[SourceQuality "1"]

1. d4 d5 2. Bf4 Bf5 3. c4 e6 4. Nc3 Bd6 5. Bxd6 Qxd6 6. cxd5 exd5 7. Qb3 Nc6 8. Nb5 Qb4+ 9. Qxb4 Nxb4 10. Rc1 Kd8 11. a3 Nc2+ 12. Kd1 a6 13. Nc3 Nxd4 14. Nxd5 c6 15. Nb6 Rb8 16. e3 Ne6 17. Nf3 Nf6 18. Ne5 Kc7 19. Na4 Ng4 20. Nxg4 Bxg4+ 21. f3 Bf5 22. Bc4 Rhe8 23. Bxe6 Rbd8+ 24. Ke2 Bd3+ 25. Kf2 Rxe6 26. Nc5 Red6 27. Rc3 b6 28. Nb3 Kb7 29. g4 c5 30. h4 Bb5 31. Kg3 Rd3 32. Rhc1 Ba4 33. Na1 Rxc3 34. Rxc3 Rd1 35. b3 Rxa1 36. bxa4 Kc6 37. Kf4 Rd1 38. h5 b5 39. axb5+ axb5 40. h6 gxh6 41. Ke5 Rd6 42. f4 Re6+ 43. Kf5 c4 44. a4 Kc5 45. axb5 Kxb5 46. Ra3 Kb4 47. Ra7 Rc6 48. Rb7+ Ka3 49. Ra7+ Kb2 50. Rb7+ Kc1 51. Ke4 Kd2 52. Rb2+ Kd1 53. Rb1+ Kc2 54. Rb7 c3 55. Rxf7 Kd2 56. Rd7+ Ke2 57. Ra7 c2 58. Ra2 Kd1 59. Ra1+ c1Q 60. Rxc1+ Kxc1 61. f5 Rc4+ 62. Kd5 Rxg4 63. f6 Rg6 64. Ke5 Rg1 65. e4 h5 66. Kd6 h4 67. e5 h3 68. f7 Rf1 69. e6 h2 70. e7 h1Q 71. f8Q Qh2+ 72. Kc6 Qc2+ 73. Kb7 Qe4+ 74. Kc7 Qc4+ 75. Kd7 Qd5+ 76. Kc7 Qc5+ 77. Kd7 Rxf8 0-1

[Event "ASEAN-ch U10 14th"]
[Site "Chiangmai"]
[Date "2013.06.12"]
[Round "7"]
[White "Tan, Jun Yi Royce"]
[Black "Do, Hoang Minh"]
[Result "1-0"]
[WhiteElo "1555"]
[BlackElo "1907"]
[PlyCount "103"]
[EventDate "2013.06.08"]
[EventType "swiss"]
[EventRounds "9"]
[EventCountry "THA"]
[SourceTitle "EXT 2014"]
[Source "ChessBase"]
[SourceDate "2013.11.20"]
[SourceVersion "1"]
[SourceVersionDate "2013.11.20"]
[SourceQuality "1"]

1. e4 e5 2. d4 exd4 3. c3 dxc3 4. Nxc3 Nc6 5. Nf3 d6 6. Bc4 Bg4 7. 0-0 Nf6 8. Qb3 Na5 9. Bxf7+ Ke7 10. Qa4 Bxf3 11. gxf3 Kxf7 12. Qxa5 Be7 13. Qa4 b6 14. Qc4+ Ke8 15. Qc6+ Kf7 16. Nb5 a6 17. Nd4 Qd7 18. Qc4+ Ke8 19. Ne6 c5 20. Nxg7+ Kd8 21. Ne6+ Kc8 22. Nf4 Kb7 23. Kh1 Rag8 24. Be3 Ne8 25. Rg1 Rxg1+ 26. Rxg1 Bf6 27. Nd5 Bxb2 28. Qb3 Qb5 29. Qxb5 axb5 30. Rb1 Be5 31. Rxb5 Rf8 32. f4 Bg7 33. Rxb6+ Ka7 34. Rb3 Bh6 35. f5 Bxe3 36. Rxe3 Nf6 37. Nxf6 Rxf6 38. Kg2 Kb6 39. Kg3 Kb5 40. Kf4 c4 41. e5 dxe5+ 42. Kxe5 Rf8 43. f6 Kb4 44. Ke6 c3 45. Ke7 Ra8 46. f7 c2 47. Re1 Ra7+ 48. Kf6 Rxf7+ 49. Kxf7 Ka3 50. Rc1 Kb2 51. Rxc2+ Kxc2 52. a4 1-0

[Event "ASEAN-ch U10 14th"]
[Site "Chiangmai"]
[Date "2013.06.08"]
[Round "1"]
[White "Do, Hoang Minh"]
[Black "Baasansuren, Erdene"]
[Result "0-1"]
[WhiteElo "1907"]
[BlackElo "1857"]
[PlyCount "106"]
[EventDate "2013.06.08"]
[EventType "swiss"]
[EventRounds "9"]
[EventCountry "THA"]
[SourceTitle "EXT 2014"]
[Source "ChessBase"]
[SourceDate "2013.11.20"]
[SourceVersion "1"]
[SourceVersionDate "2013.11.20"]
[SourceQuality "1"]

1. e4 c5 2. Nf3 e6 3. d4 cxd4 4. Nxd4 Nc6 5. Nxc6 bxc6 6. a3 Qc7 7. Bd3 Nf6 8. 0-0 Be7 9. Nc3 0-0 10. h3 a6 11. Re1 e5 12. Qf3 Bb7 13. Qg3 Kh8 14. Bg5 h6 15. Bxf6 Bxf6 16. Rad1 Rad8 17. Bc4 d6 18. Qd3 Qb6 19. Bb3 Qa7 20. Qe3 Qa8 21. Qb6 Rd7 22. Re3 Bd8 23. Qb4 a5 24. Qa4 Bb6 25. Red3 Rfd8 26. Rf3 Rf8 27. Rfd3 Rfd8 28. Rf3 d5 29. exd5 cxd5 30. Rfd3 e4 31. Rg3 Re7 32. Ne2 Bc6 33. Qc4 Rc7 34. Qc3 d4 35. Qd2 Re7 36. Qf4 f6 37. Rg6 Qa7 38. Ng3 Qc7 39. Qxc7 Rxc7 40. Rg4 Re8 41. Ne2 Rd7 42. Nf4 Rd6 43. Bf7 Rb8 44. Ng6+ Kh7 45. Nf4 g5 46. Ne2 f5 47. Rg3 a4 48. Ba2 f4 49. Nxf4 gxf4 50. Rg4 Rf8 51. b3 axb3 52. Bxb3 Rg6 53. Rxg6 Kxg6 0-1